000 00506 a2200169 4500
999 _c5077
_d5077
010 _aENG-86722
020 _c250.00
035 _aEN-70255
037 _bDBAD / PUB
082 1 4 _aS
100 _aMehndiratta, Virendra
245 1 _aGlow of the setting sun /
_cby Virendra Mehndiratta; translated by Madan Mohan Mathur
260 _aChandigarh
_bUnistar Books
_c2005
270 _aS.C.O. 26-27, Sector 34 A, Chandigarh
_bChandigarh
_e160 022
300 _a136p
_c21cm (Hb)
942 _adpl
_cEN
_2ddc
_hS
_mMEH